Seattle Grunge Bands - Statistics

General Stats
  • This quiz has been taken 1,167 times
  • The average score is 6 of 17
Answer Stats
Formed Band % Correct
1987 Nirvana
99%
1990 Pearl Jam
89%
1984 Soundgarden
87%
1985 Alice in Chains
81%
1998 Mudhoney
46%
1988 Mother Love Bone
44%
1990 Temple of the Dog
43%
1984 Screaming Trees
29%
1983 Green River
28%
1994 Mad Season
21%
1980 Malfunkshun
11%
1985 Skin Yard
10%
1990 7 Year Bitch
5%
1989 Gruntruck
5%
1981 U-Men
4%
1988 Blood Circus
2%
1989 My Sister's Machine
2%
No matching quizzes found
Score Distribution
Percent of People with Each Score
Percentile by Number Answered
Your Score History
You have not taken this quiz